Sports Quiz

Random Sports or Letter Quiz

MLB Hit Leaders (A-Z) Quiz Stats

 Plays Quiz Updated Oct 8, 2020

     
Support Sporcle.
Go Orange.
Score 0/25 Timer 05:00
0 Plays Today
Letter Player % Correct
RPete Rose
90.4%
AHank Aaron
81.1%
CTy Cobb
77%
JDerek Jeter
72.2%
YCarl Yastrzemski
59.6%
MStan Musial
50.6%
GTony Gwynn
41.7%
WHonus Wagner
40.3%
KAl Kaline
39.7%
PAlbert Pujols
34.6%
BAdrian Beltre
34.5%
HRickey Henderson
31.7%
TFrank Thomas
31.4%
Letter Player % Correct
OMel Ott
30.8%
STris Speaker
29.6%
LNap Lajoie
27.6%
ZTodd Zeile
20.2%
EDwight Evans
17.1%
QJoe Quinn
16.2%
NGraig Nettles
14.9%
DAndre Dawson
14.3%
VOmar Vizquel
14.1%
UChase Utley
13.6%
FFrankie Frisch
13.2%
IRaul Ibanez
9.2%

From the Vault

John Hughes Movies

by Derek

Movies 3m
John Hughes: February 18, 1950 – August 6, 2009.
Remove Ads.
Support Sporcle.
Get the best of Sporcle when you Go Orange. This ad-free experience offers more features, more stats, and more fun while also helping to support Sporcle. Thank you for becoming a member.

Show Comments

Extras

Top Quizzes Today


Score Distribution

Your Account Isn't Verified!

In order to create a playlist on Sporcle, you need to verify the email address you used during registration. Go to your Sporcle Settings to finish the process.

Report this User

Report this user for behavior that violates our Community Guidelines.

Details: